What it sounds like (K-Pop Demon Hunters, Huntrix) - lyrics - Statistics

General Stats
  • This quiz has been taken 207 times
    170 since last reset
  • The average score is 284 of 338
Answer Stats
Answer % Correct
I
100%
No
99%
the
99%
The
99%
a
98%
what
97%
in
94%
it
94%
My
94%
my
94%
but
93%
But
93%
like
93%
not
93%
So
93%
and
92%
broke
92%
me
92%
now
92%
of
92%
sounds
92%
voice
92%
back
91%
be
91%
cant
91%
go
91%
is
91%
pieces
91%
This
91%
this
91%
broken
90%
did
90%
glass
90%
head
90%
head?
90%
into
90%
million
90%
part
90%
all
89%
beauty
89%
harmony
89%
lies
89%
we
89%
We
89%
you
89%
I'm
88%
side
86%
to
86%
why
86%
Why
86%
without
86%
are
85%
seeing
85%
light
84%
Nothing
84%
Darkness
83%
darkness
83%
instead
83%
on
83%
scars
83%
cover
82%
inside
82%
let
82%
song
82%
truth
82%
Truth
82%
your
82%
am
81%
couldnt
81%
We're
81%
were
81%
we're
81%
meet
80%
up
80%
write
78%
fix
77%
stuck
77%
tried
77%
trust
77%
dont
76%
fight
76%
find
76%
Show
76%
colors
75%
get
75%
Get
75%
heart
75%
I'll
75%
jagged
75%
know
75%
underneath
75%
what's
75%
edges
74%
here
73%
should've
73%
us
73%
by
72%
our
72%
Our
72%
patterns
72%
didnt
70%
heroes
70%
that
70%
ashamed
69%
between
69%
demons
69%
survivors
69%
them
69%
twisted
69%
understand
69%
was
69%
divided
68%
own
67%
collided
66%
Things
66%
came
65%
even
65%
none
65%
proof
65%
right
65%
still
65%
alone"
64%
from
64%
liars
64%
cowards
63%
"You're
60%
listened
59%
out
57%
dreamers
56%
fighters
56%
silence
56%
fire
55%
worst
55%
voices
53%
lying
52%
rising
52%
tired
52%
Fearless
51%
Shouting
51%
dive
49%
shattering
49%
quiet
48%
undefined
48%
When
47%
defiant
45%
meets
43%
combined
40%
time
39%
after
35%
No matching quizzes found
Score Distribution
Percent of People with Each Score
Percentile by Number Answered
Your Score History
You have not taken this quiz since the last reset